000 00645 a2200193 4500
003 NUST
005 20221230172743.0
020 _a0383026207
040 _cNust
082 _a363.32,SCH
100 _aSchneier, Bruce
245 _aBeyond fear :
_bthinking sensibly about security in an uncertain /
_cBruce Schneier
260 _aNew York
_bCopernicus Books
_c2003
300 _a295 p.;
505 _aPart One- Sensible Security (Page-1), Part Two- How Security Works (Page-45), Part Three- The Game of Security (Page-255).
610 _aTerrorim-USA-Prevention
_9106523
650 _aWar on terrorism
_962850
942 _2ddc
_cBK
_k363.32,SCH
999 _c198629
_d198629